000 00354nam a2200169Ia 4500
100 _aChartrand/Mark R
650 _aCommunication
942 _cBK
366 _f17.5
654 _asatellite
245 _aSatellite communication
260 _bCengage Learning
_c2004
082 _a384.51
_bCHA
300 _a437
546 _aENGLISH
999 _c18988
_d18988